A guide to energy management in buildings

Bibliographic Details
Main Author: Harris, Douglas (Author)
Format: Book
Language:English
Published: New York, NY : Routledge 2017.
Edition:Second edition
Subjects:

MARC

LEADER 00000cam a2200000 7i4500
001 0000028544
005 20241122.0
008 190527 nyua eng
020 |a 9781138120693 
040 |a INS   |b eng   |e rda 
090 0 0 |a TJ163.5.B84   |b 375 2017 
100 1 |a Harris, Douglas ,   |e author 
245 1 2 |a A guide to energy management in buildings   |c Douglas J. Harris 
250 |a Second edition 
264 1 |a New York, NY :   |b Routledge   |c 2017. 
300 |a 159 pages :   |b illustrations ;   |c 23 cm. 
336 |a text  |2 rdacontent 
337 |a unmediated  |2 rdamedia 
338 |a volume  |2 rdacarrier 
504 |a Includes bibliographical references and index 
505 0 |a Background -- Aspects of building energy use -- Energy audits -- Techniques for reducing energy consumption -- Instrumentation and measurements -- Organization and implementation -- Legislation and grants -- Controls and building management systems (BMS). 
650 0 |a Building management 
650 0 |a Buildings   |x Energy conservation 
999 |a 1000003788   |b BOOK   |c Open Shelf   |e Default branch